Statistics for Top Five Asian Countries by Category #1

Click here to take the quiz!

General Stats

  • This quiz has been taken 7,549 times
  • The average score is 19 of 21

Answer Stats

CategoryCountry% Correct
Biggest Area (2), Biggest Population (1), Biggest Economy (1), Most Elevated (=1)China
100%
Biggest Area (3), Biggest Population (2), Biggest Economy (2), Most Elevated (4)India
99%
Biggest Population (3), Biggest Economy (4), Wettest (3)Indonesia
98%
Biggest Economy (3)Japan
97%
Biggest Area (1)Russia
97%
Biggest Population (4), Most Elevated (3)Pakistan
95%
Smallest Area (2), Most Densely Populated (1), Wettest (5)Singapore
94%
Biggest Area (5), Driest (1)Saudi Arabia
94%
Biggest Area (4)Kazakhstan
94%
Most Elevated (=1)Nepal
94%
Biggest Population (5), Wettest (4), Most Densely Populated (3)Bangladesh
91%
Biggest Economy (5)South Korea
91%
Most Elevated (5)Bhutan
89%
Smallest Area (5), Driest (2)Qatar
88%
Driest (3)United Arab Emirates
87%
Wettest (1)Malaysia
86%
Smallest Area (3), Most Densely Populated (2), Driest (4)Bahrain
84%
Smallest Area (4), Wettest (2)Brunei
84%
Most Densely Populated (5)Taiwan
79%
Driest (5)Jordan
77%
Smallest Area (1), Most Densely Populated (4)Maldives
70%

Score Distribution

Percentile by Number Answered

Percent of People with Each Score

Your Score History

You have not taken this quiz